000 00681nam a22002417a 4500
001 130939
003 UA-OsUOA
005 20201224223924.0
007 ta
008 20180517b un ||||| |||| 00| 0 ukr d
040 _aUA-OsUOA
_bukr
_cUA-OsUOA
_dUA-OsUOA
041 _aukr
080 _a821.161.2
090 _a821.161.2
_bК56
100 _aКоваленко Л.
245 _aТиха вода
_bповість
260 _aСША
_bОСУПЦ
_c1973
300 _a292 с.
650 7 _a82 Література. Літературознавство
_2UDC
942 _cBK
_2udc
955 _a3
999 _c419145
_d419145